Determining my values | (Record no. 2225)

MARC details
000 -LEADER
fixed length control field 00717cam a2200241 i 4500
001 - CONTROL NUMBER
control field 1762293
003 - CONTROL NUMBER IDENTIFIER
control field GBCCL
005 - DATE AND TIME OF LATEST TRANSACTION
control field 20241126110423.0
008 - FIXED-LENGTH DATA ELEMENTS--GENERAL INFORMATION
fixed length control field 770825s1977 tnua j 000 0 eng
010 ## -
-- 76027479
040 ## - CATALOGING SOURCE
Original cataloging agency DLC
Transcribing agency DLC
Modifying agency DLC
042 ## -
-- lcac
050 00 -
-- BV4531.2
-- .H46
082 00 - DEWEY DECIMAL CLASSIFICATION NUMBER
Classification number 241
Item number HER
100 1# - MAIN ENTRY--PERSONAL NAME
Personal name Herring, Clyde Lee.
9 (RLIN) 4559
245 10 - TITLE STATEMENT
Title Determining my values |
Statement of responsibility, etc. Clyde Lee Herring.
260 ## - PUBLICATION, DISTRIBUTION, ETC.
Place of publication, distribution, etc. Nashville :
Name of publisher, distributor, etc. Convention Press,
Date of publication, distribution, etc. 1979
300 ## - PHYSICAL DESCRIPTION
Extent 152 p. :
Dimensions 20 cm.
520 ## - SUMMARY, ETC.
Summary, etc. A youth's conversations with God help to illuminate various aspects of Christian belief.
650 #0 - SUBJECT ADDED ENTRY--TOPICAL TERM
Topical term or geographic name entry element Ethics
General subdivision Rel
9 (RLIN) 4560
906 ## - LOCAL DATA ELEMENT F, LDF (RLIN)
a 7
b cbc
c orignew
d 2
e ocip
f 19
g y-gencatlg
942 ## - ADDED ENTRY ELEMENTS (KOHA)
Source of classification or shelving scheme Dewey Decimal Classification
Koha item type Books
Holdings
Withdrawn status Lost status Source of classification or shelving scheme Damaged status Not for loan Home library Current Library Shelving location Date acquired Total checkouts Full call number Barcode Date last seen Date last checked out Copy number Price effective from Koha item type
    Dewey Decimal Classification     GRACE BIBLE COLLEGE GRACE BIBLE COLLEGE Theology 2017-07-18 1 241 HER 002322 2025-05-01 2017-07-26 c.1 2017-07-18 Books
© Grace Bible College Library 2025